00528nam a2200181Ia 4500003000900000008004100009040001600050080001900066100002000085245007700105260003500182300001300217490004300230650001500273650002400288650001200312700002200324IN-BaIIA211028s9999 xx 000 0 eng d cIIA Library a551.510.5bRIS aRishbeth, Henry 0aIntroduction to ionospheric physicscHenry Rishbeth and Owen K. Garriott aNew YorkbAcademic Pressc1969 ax, 331p. aInternational geophysics series; v. 14 aIonosphere aIonospheric physics aPhysics aGarriott, Owen K.